150 canciones - Recycled J - Estadísticas

Estadísticas generales
  • Esta prueba ha sido intentada 14 veces
  • La puntuación promedio es 191 de 274
Estadísticas de respuestas
Letra Respuesta % Correcto
Estribillo A
100%
a
100%
150
86%
Aunque
86%
canciones
86%
es
86%
escrito
86%
Hay
86%
haya
86%
o
86%
que
86%
se
86%
te
86%
y
86%
apareces
71%
brillo
71%
corazón
71%
Pre-estribillo Cuando
71%
cuando
71%
de
71%
desapareces
71%
despido
71%
duele
71%
el
71%
empezó
71%
en
71%
enamores
71%
Eso
71%
este
71%
frío
71%
ghost
71%
habitación
71%
hago
71%
Verso I
71%
Japon
71%
la
71%
like
71%
llores
71%
Madrid
71%
mal
71%
marrones
71%
me
71%
Me
71%
mi
71%
mis
71%
New
71%
no
71%
ojos
71%
otra
71%
Otras
71%
pa'
71%
para
71%
Pues
71%
quiero
71%
Sabes
71%
Si
71%
siempre
71%
sueños
71%
tus
71%
un
71%
Un
71%
veces
71%
verano
71%
Yo
71%
York
71%
acuerdo
57%
al
57%
amor
57%
Aquel
57%
barrio
57%
billo
57%
cambió
57%
centro
57%
cerca
57%
día
57%
eres
57%
escuece
57%
febrero
57%
final
57%
fue
57%
fui
57%
igual
57%
lobo
57%
más
57%
nuestra
57%
piel
57%
Por
57%
primera
57%
sol
57%
Sol
57%
solitario
57%
ti
57%
todo
57%
vez
57%
vi
57%
volví
57%
ya
57%
amanece
43%
años
43%
ayer
43%
Cinco
43%
error
43%
estás
43%
hasta
43%
juré
43%
los
43%
mudé
43%
nunca
43%
Parece
43%
parece
43%
Paris
43%
París
43%
pierden
43%
planes
43%
Promesas
43%
romper
43%
tan
43%
tarde
43%
Tattoos
43%
temprano
43%
tuercen
43%
Imaginar
29%
kel
29%
Demostrémosles
14%
dos
14%
gatas
14%
No se encontraron pruebas coincidentes
Distribución de puntuación
Porcentaje de gente con cada puntuación
Porcentaje por número respondido
Historial de tus puntuaciones
No has intentado esta prueba.